| 000 | 00351nam a2200133Ia 4500 | ||
|---|---|---|---|
| 008 | 200615s9999||||xx |||||||||||||| ||und|| | ||
| 020 | _a8120400305 | ||
| 082 |
_a624 _bATI-D |
||
| 100 | _aDAHAMA, | ||
| 245 | 0 | _aEDUCATION AND COMMUNICATION FOR DEVELOPMENT 2ND ED | |
| 250 | _a28TH | ||
| 260 |
_bOXFORD & IBH PUBLISHING CO. PVT LTD _c2014 |
||
| 942 | _cBK | ||
| 999 |
_c28529 _d28529 |
||